Zawody na literę A - Statystyki

Ogólne statystyki
  • Ten quiz został rozwiązany 359 razy
    345 od ostatniego zresetowania
  • Średni wynik to 7 z 21
Statystyki odpowiedzi
Zawód % Poprawnych
aktor
69%
aptekarz
56%
architekt
53%
archeolog
49%
astronauta
49%
adwokat
47%
artysta
47%
anestezjolog
43%
akrobata
40%
animator
31%
astrolog
29%
agent nieruchomości
28%
alergolog
24%
autor
23%
administrator
22%
atleta
22%
antyterrorysta
12%
automechanik
12%
akcjonariusz
11%
audytor
11%
astrofizyk
7%
Nie znaleziono quizów pasujących do podanych kryteriów
Rozkład punktacji
Procent ludzi z każdym wynikiem
Percentyl według liczby udzielonych odpowiedzi
Twoja historia wyników
Nie rozwiązałeś tego quizu od ostatniego zresetowania